| 000 | 01030nam a22002777a 4500 | ||
|---|---|---|---|
| 005 | 20240530110458.0 | ||
| 008 | 150615s2009 ua g 000 0 ara d | ||
| 017 |
_a2009/23497 _bمصر . دار الكتب المصرية |
||
| 020 | _a9789774362215 | ||
| 040 | _aEG-CaGPL | ||
| 082 | 0 | 4 |
_221 _a953.0738\ _bأ ح |
| 100 | 0 | _aالصاوى محمد الصاوى . | |
| 245 | 1 | 2 |
_aالحاكم بامر الله الفاطمى و الدولة العبيدية / _cتاليف الصاوى محمد الصاوى . |
| 250 | _aط1. | ||
| 260 |
_aالقاهرة : _bمكتبة النافذة ، _c2010 . |
||
| 300 |
_a394 ص ؛ _c24 سم . |
||
| 600 | 0 | _aالحاكم بأمر الله الفاطمى . | |
| 650 | 0 | 4 | _aالتاريخ الاسلامى . |
| 650 | 0 | 4 | _aالرقيق . |
| 650 | 0 | 4 | _aالشيعة . |
| 651 | 0 | 4 | _aالدولة الفاطمية . |
| 651 | 0 | 4 | _aالفاطميون . |
| 651 | 0 | 4 |
_aمصر _xتاريخ _yالعصر الفاطمى . |
| 942 |
_2ddc _cBK |
||
| 999 |
_c61407 _d61407 |
||